Normal view MARC view
  • Nash, Mark A.,

Entry Personal Name

Number of records used in: 1

001 - CONTROL NUMBER

  • control field: 35848

003 - CONTROL NUMBER IDENTIFIER

  • control field: NUST

005 - DATE AND TIME OF LATEST TRANSACTION

  • control field: 20210305162401.0

008 - FIXED-LENGTH DATA ELEMENTS

  • fixed length control field: 210305|| aca||aabn | a|a d

040 ## - CATALOGING SOURCE

  • Original cataloging agency: NUST
  • Transcribing agency: NUST

100 ## - HEADING--PERSONAL NAME

  • Personal name: Nash, Mark A.,
  • Dates associated with a name: 1959-

670 ## - SOURCE DATA FOUND

  • Source citation: Work cat.: (NUST)31559: Nash, Mark A., 1959-, Using lean for fast six sigma results :, c2006.
© 2023 Central Library, National University of Sciences and Technology. All Rights Reserved.